Clic Qui chantait ? 1 chanson -> 1 interprète (5) - Statistiques

Statistiques générales
  • Ce quiz a été pris 114 fois
  • Le résultat moyen est 10 sur 25
Statistiques - réponses
Hint Réponse % Correct
Nuit de folie Début de Soirée
87%
Femme libérée Cookie Dingler
81%
Paris latino Bandolero
69%
Le Graal Kyo
63%
Cargo Axel Bauer
62%
Hou ! La menteuse Dorothée
61%
La loi de Murphy Angèle
56%
Message personnel Françoise Hardy
46%
Mathilde Jacques Brel
45%
Parle-moi Isabelle Boulay
44%
Chic planète L'Affaire Louis' Trio
39%
La tendresse Daniel Guichard
38%
Comme un avion sans aile Charlélie Couture
35%
Valentine Maurice Chevalier
34%
Jour de neige Elsa
33%
Les vacances au bord de la mer MIchel Jonasz
31%
Petite fille du soleil Christophe
28%
Petit Frank François Feldman
27%
J't'aime bien Lili Philippe Chatel
26%
Vacances j'oublie tout Élégance
25%
L'homme de la situation Amandine Bourgeois
23%
C'est beau la vie Isabelle Aubret
22%
Le plus beau du quartier Carla Bruni
20%
Toutes les peines Patrick Fiori
18%
L'Affaire Louis' Trio Mobilis in mobile
13%
Aucun quiz correspondant
Distribution des résultats
% des personnes avec chaque résultat
Percentile par nombre de réponses
Votre historique - résultats
Vous n’avez pas pris ce quiz